Hospodárska politika Slovenskej republiky v podmienkach globalizácie a integrácie dizertačná práca

Na minha lista:
Detalhes bibliográficos
Autor principal: Kašiak, Jaroslav
Autor Corporativo: Ekonomická univerzita v Bratislave. Národohospodárska fakulta
Outros Autores: Vincúr, Pavol
Formato: Livro
Idioma:eslovaco
Publicado em: Bratislava 2005
Assuntos:
Tags: Adicionar Tag
Sem tags, seja o primeiro a adicionar uma tag!

MARC

LEADER 00000nam$a2200000$$$4500
001 0027683
005 20250509105319.8
041 0 |a slo 
044 |a SK 
245 1 0 |a Hospodárska politika Slovenskej republiky v podmienkach globalizácie a integrácie  |b dizertačná práca  |c Jaroslav Kašiak ; školiteľ: Pavol Vincúr 
264 1 |a Bratislava  |c 2005 
300 |a 155 s. 
610 2 0 |a politika hospodárska 
610 2 0 |a globalizácia 
610 2 0 |a integrácia 
610 2 0 |a Slovensko 
100 1 |a Kašiak, Jaroslav 
700 1 |a Vincúr, Pavol 
710 2 |a Ekonomická univerzita v Bratislave. Národohospodárska fakulta